000 00564cam a2200205ua 4500
001 10910
005 20260515114657.0
008 190624n ii |||gr||||Z||||||asm
040 _cMAIN
041 _aasm
082 _a920
100 _aIsmail Hossain,
_eAuthor.
245 _aGarmuriya sangrami satradhikar Pitambardev Goswamir jivon aru darshan
_cBy Ismail Hossain
250 _a2nd ed.
260 _aGuwahati:
_bBanalata,
_c2010.
300 _a151p.
653 _aBiography, genealogy & insignia
653 _aBiography of Pitambardev Goswami
942 _cBK
999 _c9856
_d9856